banner-ar

الوسيط فى قضاء الامور المستعجلة : (Record no. 38436)

MARC details
000 -الفاتح
حقل البيانات ثابتة الطول 00941nam a2200205Ia 4500
005 - وقت وتاريخ اخر تعامل مع التسجيلة
رقم الضبط 20240530103319.0
008 - عناصر البيانات ثابتة الطول - معلومات عامة
حقل البيانات ثابتة الطول 140319s9999 xx 000 0 ara d
040 ## - مصدر الفهرسة
وكالة الفهرسة الأصلية GCL /
وكالة النسخ GCL
082 04 - رقم تصنيف ديوى العشرى
رقم التصنيف 347.05
رقم المادة م و
100 1# - المدخل الرئيسى - إسم شخصى
الإسم الشخصى معوض عبدالتواب
245 10 - بيان العنوان
العنوان الوسيط فى قضاء الامور المستعجلة :
بقية العنوان يشتمل على شرح لاختصاص القضاء المستعجل - شرح للمنازعات المستعجلة مع بيان احكام القضاء بشانها فى خمسين عاما - الاوامر على العرائض وصيغ الدعاوى /
بيان المسئوليه,etc معوض عبدالتواب
260 ## - PUBLICATION, DISTRIBUTION, ETC. (IMPRINT)
تاريخ النشر أو التوزيع 1987
300 ## - الوصف المادى
التعداد 879 ص؛
تفاصيل ماديه اخرى للوعاء 24 سم
650 04 - المدخل الاضافى بالموضوع-مصطلح موضوعى
مصطلح موضوعي القانون
650 04 - المدخل الاضافى بالموضوع-مصطلح موضوعى
مصطلح موضوعي القانون المدنى
650 04 - المدخل الاضافى بالموضوع-مصطلح موضوعى
مصطلح موضوعي قوانين وتشريعات
650 04 - المدخل الاضافى بالموضوع-مصطلح موضوعى
مصطلح موضوعي قانون الاجراءات المدنية
942 ## - عناصر المدخل الإضافي( كوها)
مصدر التصنيف او مخطط الترفيف Dewey Decimal Classification
Koha [default] item type كتاب
260 ## - PUBLICATION, DISTRIBUTION, ETC. (IMPRINT)
-- [ الاسكندرية ] :
-- منشاة المعارف ،
Holdings
حالة التراجع حالة الفقد حالة تلف ليس للاعارة المكان المؤقت الموقع الحالى تاريخ الاكتساب اجمالي اﻻعارات رقم الطلب الباركود تاريخ اخر مشاهدة تاريخ تفعيل السعر نوع وعاء كوها مصدر التصنيف او خطة الترفيف موقع الترفيف
        مكتبة القاهرة الكبرى مكتبة القاهرة الكبرى 03/26/2014   347.05\م و 93643 03/26/2014 03/26/2014 كتاب    
        مكتبة القاهرة الكبرى مكتبة القاهرة الكبرى 08/01/2022   347.05 م و 168141 08/01/2022 08/01/2022 كتاب ddc ق الرئيسية_العلوم الاجتماعية_ك عربى

Powered By

EGPV